[Event "Sokolka op 5th"]
[Site "Sokolka"]
[Date "2014.07.13"]
[Round "6"]
[White "Petrushkevich, Maxim"]
[Black "Szczepaniec, Stanislaw"]
[Result "1-0"]
[WhiteElo "1808"]
[BlackElo "1984"]
[PlyCount "63"]
[EventDate "2014.07.08"]
[EventType "swiss"]
[EventRounds "9"]
[EventCountry "POL"]
[SourceTitle "CBM 161 Extra"]
[Source "ChessBase"]
[SourceDate "2014.08.29"]
[SourceVersion "1"]
[SourceVersionDate "2014.08.29"]
[SourceQuality "1"]

1. e4 c5 2. Nc3 Nc6 3. f4 g6 4. Nf3 Bg7 5. Bb5 e6 6. Bxc6 bxc6 7. e5 f5 8. 0-0 Ne7 9. d3 Rb8 10. Na4 Qa5 11. c4 0-0 12. Be3 Rb4 13. b3 Rxa4 14. bxa4 Rd8 15. Qe1 Qxa4 16. Bxc5 Bf8 17. Qb4 Qxb4 18. Bxb4 Ba6 19. Rab1 Nc8 20. Bxf8 Kxf8 21. Rb8 Ke7 22. Rfb1 d5 23. exd6+ Rxd6 24. Ne5 c5 25. Kf2 Kf6 26. g3 g5 27. h4 gxf4 28. gxf4 Kg7 29. Rg1+ Kf8 30. h5 Rd4 31. Ke3 Rd6 32. h6 1-0

[Event "Sokolka op 5th"]
[Site "Sokolka"]
[Date "2014.07.10"]
[Round "3"]
[White "Widelski, Kacper"]
[Black "Petrushkevich, Maxim"]
[Result "0-1"]
[WhiteElo "1688"]
[BlackElo "1808"]
[PlyCount "148"]
[EventDate "2014.07.08"]
[EventType "swiss"]
[EventRounds "9"]
[EventCountry "POL"]
[SourceTitle "CBM 161 Extra"]
[Source "ChessBase"]
[SourceDate "2014.08.29"]
[SourceVersion "1"]
[SourceVersionDate "2014.08.29"]
[SourceQuality "1"]

1. Nf3 d5 2. g3 Bg4 3. Bg2 Nd7 4. d4 e6 5. Nbd2 Ngf6 6. 0-0 Be7 7. b3 0-0 8. Bb2 c6 9. Ne5 Nxe5 10. dxe5 Nd7 11. h3 Bh5 12. g4 Bg6 13. Kh1 f6 14. Nf3 Qc7 15. exf6 Bxf6 16. Nd4 Rae8 17. c3 e5 18. Nc2 Bh4 19. Kg1 Qb6 20. e3 Nc5 21. Ba3 Rf7 22. Bxc5 Qxc5 23. Ne1 Qxc3 24. Nf3 Bf6 25. Rc1 Qd3 26. Qxd3 Bxd3 27. Rfd1 e4 28. Ne1 Ba6 29. a4 Bh4 30. Rd2 Ref8 31. Rcc2 Be7 32. Rd4 Bh4 33. Rdd2 b6 34. Bf1 Bb7 35. Ng2 Bg5 36. b4 g6 37. Rb2 Bf6 38. Rbc2 Be5 39. Ne1 h5 40. g5 Rc7 41. h4 c5 42. b5 c4 43. Bh3 c3 44. Be6+ Kg7 45. Rxd5 Bxd5 46. Bxd5 Rd8 47. Bc6 Rd2 48. Bxe4 Rc4 49. Bd3 Rxh4 50. f4 Rg4+ 51. Kh1 Rxc2 52. Nxc2 Bxf4 53. exf4 Rxf4 54. Kg2 Rxa4 55. Ne3 Rd4 56. Bc2 h4 57. Kh3 Kf7 58. Ng4 Rd2 59. Ne3 Re2 60. Bb3+ Ke7 61. Nc2 Re4 62. Bg8 Re5 63. Bc4 Rxg5 64. Kxh4 Rg2 65. Bb3 Kd6 66. Kh3 Rd2 67. Kg4 Kc5 68. Ba4 Kc4 69. Kg5 Rg2+ 70. Kf4 Rg1 71. Ke5 Kd3 72. Nb4+ Kd2 73. Nc6 Ra1 74. Bb3 c2 0-1